History of the Kingdom of Siam ; (Record no. 273815)
[ view plain ]
| 000 -LEADER | |
|---|---|
| fixed length control field | 00876cam a22002293a 4500 |
| 001 - CONTROL NUMBER | |
| control field | 44564 |
| 003 - CONTROL NUMBER IDENTIFIER | |
| control field | PGUSA |
| 005 - DATE AND TIME OF LATEST TRANSACTION | |
| control field | 20140828084022.0 |
| 008 - FIXED-LENGTH DATA ELEMENTS--GENERAL INFORMATION | |
| fixed length control field | 140102s2014||||xxu|||||s|||||000 | eng d |
| 040 ## - CATALOGING SOURCE | |
| Original cataloging agency | PGUSA |
| Language of cataloging | eng |
| 042 ## - AUTHENTICATION CODE | |
| Authentication code | dc |
| 100 1# - MAIN ENTRY--PERSONAL NAME | |
| Personal name | Turpin, F. H. |
| Fuller form of name | (François Henri), |
| Dates associated with a name | 1709-1799 |
| 245 10 - TITLE STATEMENT | |
| Title | History of the Kingdom of Siam ; |
| Remainder of title | and, of the revolutions that have caused the overthrow of the empire, up to A. D. 1770 |
| Medium | [electronic resource] / |
| Statement of responsibility, etc | F. H. Turpin |
| 260 ## - PUBLICATION, DISTRIBUTION, ETC. (IMPRINT) | |
| Name of publisher, distributor, etc | Project Gutenberg, |
| Date of publication, distribution, etc | 2014 |
| 500 ## - GENERAL NOTE | |
| General note | Translation of: Histoire civile et naturelle du royaume de Siam et des révolutions qui ont bouleversé cet empire jusqu’en 1770 |
| 506 ## - RESTRICTIONS ON ACCESS NOTE | |
| Terms governing access | Public domain in the USA. |
| 516 ## - TYPE OF COMPUTER FILE OR DATA NOTE | |
| Type of computer file or data note | Electronic text |
| 700 1# - ADDED ENTRY--PERSONAL NAME | |
| Personal name | Cartwright, Basil Osborne |
| 830 #0 - SERIES ADDED ENTRY--UNIFORM TITLE | |
| Uniform title | Project Gutenberg |
| Volume number/sequential designation | 44564 |
| 856 40 - ELECTRONIC LOCATION AND ACCESS | |
| Uniform Resource Identifier | <a href="http://www.gutenberg.org/ebooks/44564">http://www.gutenberg.org/ebooks/44564</a> |
| 942 ## - ADDED ENTRY ELEMENTS (KOHA) | |
| Koha item type | eBooks |
| Withdrawn status | Lost status | Damaged status | Home library | Current library | Date acquired | Total Checkouts | Date last seen | Price effective from | Koha item type |
|---|---|---|---|---|---|---|---|---|---|
| Project Gutenberg | Project Gutenberg | 08/28/2014 | 08/28/2014 | 08/28/2014 | eBooks |